Statistics for Mulan Characters Quiz

Click here to take the quiz!

General Stats

  • This quiz has been taken 252 times
  • The average score is 5 of 17

Answer Stats

Description Character % Correct
A young girl who is willing to give up her life to save her fatherMulan
100%
Mulan's closest companion throughout the film and the comic reliefMushu
91%
A physically imposing and ruthless Hun chieftain and the general of the Huns who serves as the main antagonist of the filmShan Yu
35%
A new recruit used to fight the Huns and the group's middleman of medium height and very slim buildLing
33%
Mulan's pet dogLittle Brother
32%
A new recruit used to fight the Huns, and the self-appointed leader of the trioYao
30%
An impatient and harsh woman, who obnoxiously judges potential bridesMatchmaker
24%
The cricketCri-Kee
21%
A new recruit used to fight the Huns and the tallest and most obese of Mulan's friends with a bald headChien-Po
20%
Mulan's horse with a black coat and white markings on his face, belly and legsKhan
18%
Mulan's motherFa Li
13%
Mulan's father who is very strict and also a famed war veteranFa Zhou
11%
Li Shang's father and a high-ranking member of the Chinese army who was killed along with his elite troops in a battle against the Hun army, leaving his helmet behind to be found by his son and his battalion when they discover the aftermathGeneral Li
11%
A Chinese army captainCaptain Li-Shang
8%
Mulan's great grandmotherGrandmother Fa
7%
The wisest and ruler of all ChinaThe Emperor of China
4%
The eldest member of the Fa family and acts as leader of the ancestorsFirst Ancestor
2%

Score Distribution

Percentile by Number Answered

Percent of People with Each Score

Your Score History

You have not taken this quiz